000 00444nam a2200181Ia 4500
001 795
005 20260306140544.0
008 260306t2005||||xx |||||||||||||| ||spa||
041 _aESP
082 _a170
_bB61
100 _aBlackburn, Pierre
_eAUT
245 0 _aLa ética :
_bfundamentos y problemáticas contemporáneas
260 _c2005
300 _a448 páginas :
_c23 cm.
650 _aGEN
654 _aCHU
942 _cLIB
_dJUS
_fJUS
_2ddc
_n
999 _c795
_d795